000 00527nam a2200205Ia 4500
003 OSt
005 20220926035734.0
006 a|||||r|||| 00| 0
007 ta
008 220923b |||||||| |||| 00| 0 eng d
037 _cGeneral Book
040 _aRTL
_cRTL
_beng
041 _2eng
_aeng
082 _aX:87, J8
100 _aJosephs Ray
_9342681
245 0 _aStreamlining your executive work load
650 _aExecutive
_9233834
942 _hX:87, J8
_cGB
_2CC
999 _c662934
_d662934